| 000 | 00448nam a2200169Ia 4500 | ||
|---|---|---|---|
| 008 | 190328s9999||||xx |||||||||||||| ||und|| | ||
| 020 | _a9788192986890 | ||
| 082 |
_a342.085 _bSIV/M |
||
| 100 | _aSivakumar, S | ||
| 245 | 0 | _aMagna Carta and Human Rights: The Legacy of 800+ Years | |
| 250 | _a1st Edition | ||
| 260 |
_aNew Delhi _bMohan Law House _c2018 |
||
| 300 | _a308 | ||
| 650 | _aHuman Rights | ||
| 700 | _aParua, Prashanta B. | ||
| 942 | _cBK | ||
| 999 |
_c5648 _d5648 |
||